Pulse and switching circuits / (Record no. 180948)
[ view plain ]
| 000 -LEADER | |
|---|---|
| fixed length control field | 00909 a2200181 4500 |
| 003 - CONTROL NUMBER IDENTIFIER | |
| control field | Nust |
| 005 - DATE AND TIME OF LATEST TRANSACTION | |
| control field | 20230721092702.0 |
| 040 ## - CATALOGING SOURCE | |
| Transcribing agency | Nust |
| 082 ## - DEWEY DECIMAL CLASSIFICATION NUMBER | |
| Classification number | 621.317,KET |
| 100 ## - MAIN ENTRY--PERSONAL NAME | |
| Personal name | Ketchum, Donald J. |
| 9 (RLIN) | 101617 |
| 245 ## - TITLE STATEMENT | |
| Title | Pulse and switching circuits / |
| Statement of responsibility, etc. | Donald J. Ketchum & E. Charles Alvarez |
| 260 ## - PUBLICATION, DISTRIBUTION, ETC. | |
| Place of publication, distribution, etc. | McGraw-Hill |
| Name of publisher, distributor, etc. | New York |
| Date of publication, distribution, etc. | 1965 |
| 300 ## - PHYSICAL DESCRIPTION | |
| Extent | 310 p. |
| 505 ## - FORMATTED CONTENTS NOTE | |
| Formatted contents note | Waveforms (Page-1), Networks (Page-20), Resistance-Capacitance Inductance (Page-34), Diode Switching Circuits (Page-56), Triode Switching (Page-75),Bistable Multi Vibrators (Page-109), Monostable and Astable Multi Vibrators (Page-140), Blocking Oscillators (Page-167), Basic Saw Tooth Generators (Page-181), Gating Circuits Page-210), Delay Circuits (Page-231), Special Purpose Circuits (Page-244), Applications (Page-257). |
| 600 ## - SUBJECT ADDED ENTRY--PERSONAL NAME | |
| Personal name | Donald J Ketchum |
| 9 (RLIN) | 113764 |
| 650 ## - SUBJECT ADDED ENTRY--TOPICAL TERM | |
| Topical term or geographic name entry element | Pulse and switching circuits |
| 9 (RLIN) | 113765 |
| 942 ## - ADDED ENTRY ELEMENTS (KOHA) | |
| Source of classification or shelving scheme | |
| Koha item type | Book Bank |
| Withdrawn status | Lost status | Source of classification or shelving scheme | Damaged status | Not for loan | Permanent Location | Current Location | Shelving location | Date acquired | Full call number | Barcode | Date last seen | Price effective from | Koha item type | Public note |
|---|---|---|---|---|---|---|---|---|---|---|---|---|---|---|
| Military College of Signals (MCS) | Military College of Signals (MCS) | General Stacks | 12/12/2016 | 621.317,KET | MCS5283 | 12/08/2016 | 12/12/2016 | Book | Almirah No 88, Shelf No 2 | |||||
| Military College of Signals (MCS) | Military College of Signals (MCS) | General Stacks | 12/12/2016 | 621.317,KET | MCS5742 | 12/08/2016 | 12/12/2016 | Book | Almirah No 88, Shelf No 2 |
